Normal view
MARC view
Entry Personal Name
001 - CONTROL NUMBER
- control field: 1238045
003 - CONTROL NUMBER IDENTIFIER
- control field: OSt
005 - DATE AND TIME OF LATEST TRANSACTION
- control field: 20260430150628.0
008 - FIXED-LENGTH DATA ELEMENTS
- fixed length control field: 260430|| aca||aabn | a|a d
040 ## - CATALOGING SOURCE
- Original cataloging agency: OSt
- Transcribing agency: OSt
100 ## - HEADING--PERSONAL NAME
- Personal name: Kaur Gurpreet Au.; Singh Ajay Kumar Gu
670 ## - SOURCE DATA FOUND
- Source citation: Work cat.: (OSt)1850250: Kaur Gurpreet Au.; Singh Ajay Kumar Gu., Forensic Accounting Education and Practices for Fraud Prevention and Detection: An Empirical Study in India, 2024
